Вып. 13: Самостоятельная работа студентов; Сборник научно-методических статей по химии

Bibliographische Detailangaben
Parent link:Сборник научно-методических статей по химии/ СССР, Государственный комитет по народному образованию (Госкомобразование). Вып. 13: Самостоятельная работа студентов.— , 1971-1991
Weitere Verfasser: Кузяков Ю. Я. (редактор)
Sprache:Russisch
Veröffentlicht: 1991
Schlagworte:
Format: MixedMaterials Buch
KOHA link:https://koha.lib.tpu.ru/cgi-bin/koha/opac-detail.pl?biblionumber=223878

MARC

LEADER 00000nam2a2200000 4500
001 223878
005 20231101230544.0
010 |a 5704300782 
035 |a (RuTPU)RU\TPU\book\244148 
035 |a RU\TPU\book\222437 
090 |a 223878 
100 |a 20121017d1991 k y0rusy50 ca 
101 0 |a rus 
102 |a RU 
105 |a y z 000zy 
200 0 |a Вып. 13: Самостоятельная работа студентов  |f отв. ред. Ю. Я. Кузяков 
210 |d 1991 
215 |a 158 с.  |c ил. 
461 1 |0 (RuTPU)RU\TPU\book\222437  |t Сборник научно-методических статей по химии  |f СССР, Государственный комитет по народному образованию (Госкомобразование)  |v Вып. 13: Самостоятельная работа студентов  |d 1971-1991 
606 1 |a Химия  |2 stltpush  |3 (RuTPU)RU\TPU\subj\17362  |9 43035 
610 1 |a самостоятельная работа 
610 1 |a учебные процессы 
610 1 |a преподавание 
610 1 |a обучение 
610 1 |a самоподготовка 
675 |a 54  |v 3 
702 1 |a Кузяков  |b Ю. Я.  |4 340 
801 1 |a RU  |b 63413507  |c 20111118 
801 2 |a RU  |b 63413507  |c 20220822  |g RCR 
942 |c BK